000 03962cam a2200649 i 4500
001 22108044
003 NUST
005 20220825160833.0
008 210630s2021 nyu 000 0deng d
010 _a 2021942244
020 _a9781250830012
_q(hardcover)
020 _a125083001X
_q(hardcover)
035 _a(OCoLC)on1259336870
038 _aAzhar
040 _aIG$
_beng
_cIG$
_erda
_dOCLCO
_dIH9
_dHBP
_dILC
_dCLE
_dVP@
_dYDX
_dSINLB
_dCGB
_dTCH
_dUAP
_dDLC
042 _alccopycat
043 _an-us---
050 0 0 _aE912
_b.W6525 2021
082 0 4 _a973.933
_bWOL
100 1 _aWolff, Michael,
_d1953-
_eauthor.
_997297
245 1 0 _aLandslide :
_bthe final days of the Trump White House
_cMichael Wolff.
246 3 _aLand-slide :
_bthe final days of the Trump White House
246 3 0 _aFinal days of the Trump White House
246 3 0 _aTrump White House
246 1 _iTitle on jacket :
_aLandslide : the final days of the Trump presidency
246 3 8 _aLandslide
250 _aFirst edition.
260 _aNew York :
_bHenry Holt and Company,
_c2021
300 _axvi, 312 pages ;
_c25 cm
336 _atext
_btxt
_2rdacontent
337 _aunmediated
_bn
_2rdamedia
338 _avolume
_bnc
_2rdacarrier
505 0 _aIntroduction -- Prologue. The trial -- Death star -- Election night -- New votes -- Rudy -- What's black is white -- Where now? -- The endgame -- The day before -- Morning, January 6 -- The remainder of the day, January 6 -- Deplatformed -- Redux -- Epilogue. The road to Mar-a-Lago.
520 _a"The story of Trump's ... last months at the helm of the country, based on [the author's] ... access to White House aides and to the former president himself, yielding a wealth of new information and insights about what really happened inside the highest office in the land, and the world"--
_cProvided by publisher.
520 _aWolff embedded himself in the White House in 2017 and his top-level access gave us a vivid picture of the chaos that had descended on Washington. In 2021 he found the Oval Office even more chaotic and bizarre. At all times of the day Trump, behind the Resolute desk, was surrounded by schemers and unqualified sycophants who spoon-feed him the "alternative facts" he hungered to hear about COVID-19, Black Lives Matter protests, and, most of all, his chance of winning reelection. As Trump entertained the idea of martial law and balked at calling off the insurrectionist mob that threatens the institution of democracy itself, we witness the desperation, duplicity, and delusion that was unfolding within the West Wing. -- adapted from jacket
600 1 0 _aTrump, Donald,
_d1946-
_993769
600 1 7 _aTrump, Donald,
_d1946-
_2fast
_0(OCoLC)fst00174117
_993769
650 0 _aPresidents
_zUnited States
_xElection
_y2020.
_997298
650 0 _aPresidents
_zUnited States
_xPsychology.
_997299
650 0 _aPresidents
_zUnited States
_xStaff.
_997300
650 0 _aPresidents
_zUnited States
_xFriends and associates.
_997301
650 7 _aPOLITICAL SCIENCE / American Government / Executive Branch.
_2bisacsh
_997302
650 7 _aPOLITICAL SCIENCE / American Government / National.
_2bisacsh
_993842
650 7 _aBIOGRAPHY & AUTOBIOGRAPHY / Presidents & Heads of State.
_2bisacsh
_997303
650 7 _aFriendship.
_2fast
_0(OCoLC)fst00935174
_910263
650 7 _aPolitics and government.
_2fast
_0(OCoLC)fst01919741
_91501
650 7 _aPresidents
_xElection.
_2fast
_0(OCoLC)fst01075747
_997304
650 7 _aPresidents
_xPsychology.
_2fast
_0(OCoLC)fst01075795
_997305
650 7 _aPresidents
_xStaff.
_2fast
_0(OCoLC)fst01075812
_997306
651 0 _aUnited States
_xPolitics and government
_y2017-2021.
_997307
651 7 _aUnited States.
_2fast
_0(OCoLC)fst01204155
655 7 _aBiographies.
_2lcgft
_933106
906 _a7
_bcbc
_ccopycat
_d2
_encip
_f20
_gy-gencatlg
942 _2ddc
_cLC
999 _c591017
_d591017